Politické strany a hnutia na Slovensku po roku 1989 /

Hlavní autor: Liďák, Dušan
Korporativní autor: Ekonomická univerzita v Bratislave
Další autoři: Leška, Dušan, 1953-, Koganová, Viera, 1955-
Jazyk: Slovenština
Vydáno: Bratislava : Ekonóm, 1999
Vydání: Vyd. 1.
Témata:
Fyzický popis: 157, [8] s. : il. ; 20 cm
Knihy
Uloženo v:
LEADER 01554nam a2200409 a 4500
001 000448016
003 CZ BrMZK
005 20210310122845.0
007 ta
008 990315s1999 xo e p 0 slo d
020 |a 80-225-1116-1 
040 |a BOA001  |b cze 
043 |a e-xo--- 
045 |a x8y- 
072 7 |a 329  |x Politické strany a hnutí  |2 Konspekt  |9 15 
072 7 |a 37.016  |x Učební osnovy. Vyučovací předměty. Učebnice  |2 Konspekt  |9 22 
080 |a 329.1/.6  |2 MRF 
080 |a 328/329  |2 MRF 
080 |a (437.6)  |2 MRF 
080 |a (075.8)  |2 MRF 
100 1 |a Liďák, Dušan  |4 aut 
245 1 0 |a Politické strany a hnutia na Slovensku po roku 1989 /  |c Ján Liďák, Viera Koganová, Dušan Leška 
250 |a Vyd. 1. 
260 |a Bratislava :  |b Ekonóm,  |c 1999 
300 |a 157, [8] s. :  |b il. ;  |c 20 cm 
500 |a Určeno pro posl. Ekon. univ v Bratislavě. - Bibliogr. 
541 |a Bratislava, Centrum vedecko-technických informácií SR 
648 7 |a od 1989  |7 ch462156  |2 czenas 
650 0 7 |a politické strany  |7 ph115790  |z Slovensko  |y od 1989  |2 czenas 
651 7 |a Slovensko  |7 ge128580  |x politika a vláda  |y od 1989  |2 czenas 
655 7 |a učebnice vysokých škol  |7 fd133772  |2 czenas 
700 1 |a Leška, Dušan,  |d 1953-  |7 kup19980000057143  |4 aut 
700 1 |a Koganová, Viera,  |d 1955-  |7 mzk2009544666  |4 aut 
710 2 |a Ekonomická univerzita v Bratislave  |7 kn20010710468 
910 |a BOA001  |b 2-1065.903 
990 |a BK 
996 7 |b 2610104843  |c 2-1065.903  |l MZK  |r Sklad / do 1 hodiny  |n 6  |p vým  |w 000448016  |u 000010  |a 1  |e BOA001  |j MZK50  |s A